| 000 | 00836nam a2200301Ia 4500 | ||
|---|---|---|---|
| 003 | OSt | ||
| 005 | 20220912145253.0 | ||
| 006 | a|||||r|||| 00| 0 | ||
| 007 | ta | ||
| 008 | 220909b |||||||| |||| 00| 0 eng d | ||
| 020 | _a9788184890204 (pbk) | ||
| 024 | _a127404 | ||
| 037 | _cTextual | ||
| 040 |
_aCSL _beng _cCSL |
||
| 041 | _aeng | ||
| 082 | _aB36M, P2;1 | ||
| 100 | _aWalnut David F | ||
| 245 | 0 | _aIntroduction to wavelet analysis | |
| 260 |
_aNew Delhi _bSpringer _c2002 |
||
| 300 |
_axvii, 449p. _ccm. |
||
| 490 | _aApplied and numerical harmonic analysis | ||
| 500 | _aAppendices A-C, 423-444p.; Index 445-449p. | ||
| 650 | _a Wavelets theory | ||
| 650 | _aMathematics | ||
| 942 |
_hB36M, P2;1 _cTEXL _2CC |
||
| 999 |
_c27597 _d27597 |
||